[Event "43. Olimpiada Batumi 2018 Femenina"]
[Site "Batumi GEO"]
[Date "2018.10.05"]
[Round "11.3"]
[White "Novosadova, Kristyna"]
[Black "Gvetadze, Sofio"]
[Result "1-0"]
[WhiteElo "2231"]
[BlackElo "2325"]
[PlyCount "105"]
[EventDate "2018.09.24"]
[EventType "team-swiss"]
[EventRounds "11"]
[EventCountry "GEO"]
[SourceTitle "Ajedrez en Madrid"]
[Source "lmi"]
[SourceDate "2018.09.24"]
[WhiteTeam "Czech Republic"]
[BlackTeam "Georgia 2"]
[WhiteTeamCountry "CZE"]

1. Nf3 Nf6 2. c4 e6 3. g3 d5 4. b3 Bd6 5. Bb2 Nbd7 6. Bg2 O-O 7. O-O Qe7 8. d4
c6 9. Nbd2 a5 10. Re1 Ba3 11. Bxa3 Qxa3 12. Qc1 Qd6 13. e4 dxe4 14. Nxe4 Nxe4
15. Rxe4 c5 16. dxc5 Qxc5 17. Qc3 Ra6 18. Rd1 Qb4 19. Qxb4 axb4 20. Rd2 f6 21.
Red4 Nc5 22. Rd8 Rc6 23. Ne1 Rc7 24. Nc2 Na6 25. Rxf8+ Kxf8 26. Rd8+ Ke7 27.
Rxc8 Rxc8 28. Bxb7 Rb8 29. Bxa6 Kd6 30. Bb5 Kc5 31. a3 bxa3 32. b4+ Kd6 33.
Nxa3 Ra8 34. Nc2 Ra2 35. c5+ Ke5 36. Bd3 Rb2 37. Kf1 f5 38. Ke2 g5 39. Kd2 h5
40. Kc3 Rb1 41. b5 f4 42. b6 h4 43. gxf4+ gxf4 44. Nb4 Rc1+ 45. Kd2 Rg1 46. b7
Rg8 47. b8=Q+ Rxb8 48. Nc6+ Kd5 49. Nxb8 Kxc5 50. Nd7+ Kd4 51. Nf6 f3 52. Ne4
Ke5 53. Ke3 1-0

[Event "43. Olimpiada Batumi 2018 Femenina"]
[Site "Batumi GEO"]
[Date "2018.10.05"]
[Round "11.4"]
[White "Khukhashvili, Sopiko"]
[Black "Sikorova, Olga"]
[Result "1-0"]
[WhiteElo "2301"]
[BlackElo "2276"]
[PlyCount "67"]
[EventDate "2018.09.24"]
[EventType "team-swiss"]
[EventRounds "11"]
[EventCountry "GEO"]
[SourceTitle "Ajedrez en Madrid"]
[Source "lmi"]
[SourceDate "2018.09.24"]
[WhiteTeam "Georgia 2"]
[BlackTeam "Czech Republic"]
[BlackTeamCountry "CZE"]

1. e4 e6 2. f4 d5 3. e5 c5 4. Nf3 Nc6 5. c3 Nh6 6. Na3 Bd7 7. Nc2 Qb6 8. Rb1
Be7 9. Be2 Nf5 10. O-O d4 11. Kh1 h5 12. Bd3 g6 13. b4 cxb4 14. cxb4 a6 15. Bb2
Nxb4 16. Bxf5 Bb5 17. Bxd4 Qa5 18. Bc3 Bxf1 19. Qxf1 gxf5 20. Nxb4 Qc7 21. a4
Kf8 22. Nd3 Rd8 23. Nf2 Rd5 24. a5 Qd7 25. Nh3 Bd8 26. Qc4 Kg7 27. Nd4 Bxa5 28.
Nxf5+ Kg6 29. Nd6 Bxc3 30. Qxc3 b5 31. Qg3+ Kh6 32. Qg5+ Kh7 33. Rb3 Qxd6 34.
Qxh5+ 1-0

[Event "43. Olimpiada Batumi 2018 Femenina"]
[Site "Batumi GEO"]
[Date "2018.10.05"]
[Round "11.1"]
[White "Rapport, Jovana"]
[Black "Saduakassova, Dinara"]
[Result "1/2-1/2"]
[WhiteElo "2348"]
[BlackElo "2474"]
[PlyCount "73"]
[EventDate "2018.09.24"]
[EventType "team-swiss"]
[EventRounds "11"]
[EventCountry "GEO"]
[SourceTitle "Ajedrez en Madrid"]
[Source "lmi"]
[SourceDate "2018.09.24"]
[WhiteTeam "Serbia"]
[BlackTeam "Kazakhstan"]
[WhiteTeamCountry "SRB"]
[BlackTeamCountry "KAZ"]

1. d4 Nf6 2. Nf3 e6 3. Bf4 c5 4. e3 Nc6 5. Nc3 cxd4 6. exd4 Bb4 7. Bd3 O-O 8.
O-O d5 9. Ne2 Be7 10. c3 b6 11. Ng3 a5 12. Qe2 Nb8 13. Ne5 Ba6 14. Bxa6 Nxa6
15. Nc6 Qd7 16. Nxe7+ Qxe7 17. Bg5 Nc7 18. Nh5 Nce8 19. f4 h6 20. Bh4 Qd6 21.
Nxf6+ Nxf6 22. Bxf6 gxf6 23. Qh5 Kh7 24. f5 e5 25. dxe5 fxe5 26. f6 Qe6 27.
Qf5+ Qxf5 28. Rxf5 Rfe8 29. Re1 Rad8 30. Rfxe5 Rxe5 31. Rxe5 d4 32. c4 d3 33.
Re1 Rc8 34. Rc1 d2 35. Rd1 Rxc4 36. Rxd2 Kg6 37. g3 1/2-1/2

[Event "43. Olimpiada Batumi 2018 Femenina"]
[Site "Batumi GEO"]
[Date "2018.10.05"]
[Round "11.2"]
[White "Abdumalik, Zhansaya"]
[Black "Eric, Jovana"]
[Result "1-0"]
[WhiteElo "2482"]
[BlackElo "2261"]
[PlyCount "103"]
[EventDate "2018.09.24"]
[EventType "team-swiss"]
[EventRounds "11"]
[EventCountry "GEO"]
[SourceTitle "Ajedrez en Madrid"]
[Source "lmi"]
[SourceDate "2018.09.24"]
[WhiteTeam "Kazakhstan"]
[BlackTeam "Serbia"]
[WhiteTeamCountry "KAZ"]
[BlackTeamCountry "SRB"]

1. e4 e6 2. d4 d5 3. Nc3 Bb4 4. e5 b6 5. Qg4 Bf8 6. h4 h5 7. Qf4 Qd7 8. Nf3 Ba6
9. Bxa6 Nxa6 10. a3 Ne7 11. Nd1 Ng6 12. Qd2 c5 13. c3 Rc8 14. O-O Nb8 15. Ne3
Nc6 16. b4 Be7 17. g3 O-O 18. Qd3 a5 19. b5 Nb8 20. a4 Qe8 21. Ng5 cxd4 22.
cxd4 Bb4 23. Qd1 f6 24. exf6 gxf6 25. Nh3 Bc3 26. Ra2 Kg7 27. Ba3 Rh8 28. Rc2
Nd7 29. Qd3 Bb4 30. Bxb4 axb4 31. Re1 Qf7 32. Qb3 Rxc2 33. Nxc2 Rc8 34. Nxb4
Rc4 35. Nc6 e5 36. Qd1 Qe6 37. Kh2 Qg4 38. a5 bxa5 39. Qd3 a4 40. f3 Qe6 41.
Nf4 Nxf4 42. gxf4 Qf7 43. Rg1+ Kh8 44. Qf5 e4 45. Ne7 Rc2+ 46. Kh3 Nf8 47. Ng6+
Nxg6 48. Rxg6 a3 49. Qxh5+ Qh7 50. Rh6 Qxh6 51. Qxh6+ Kg8 52. Qg6+ 1-0

[Event "43. Olimpiada Batumi 2018 Femenina"]
[Site "Batumi GEO"]
[Date "2018.10.05"]
[Round "11.3"]
[White "Velikic, Adela"]
[Black "Nakhbayeva, Guliskhan"]
[Result "1-0"]
[WhiteElo "2339"]
[BlackElo "2394"]
[PlyCount "77"]
[EventDate "2018.09.24"]
[EventType "team-swiss"]
[EventRounds "11"]
[EventCountry "GEO"]
[SourceTitle "Ajedrez en Madrid"]
[Source "lmi"]
[SourceDate "2018.09.24"]
[WhiteTeam "Serbia"]
[BlackTeam "Kazakhstan"]
[WhiteTeamCountry "SRB"]
[BlackTeamCountry "KAZ"]

1. e4 e5 2. Nf3 Nc6 3. Bb5 g6 4. c3 Bg7 5. d4 exd4 6. cxd4 a6 7. Ba4 b5 8. Bc2
d5 9. exd5 Nb4 10. Bb3 Qe7+ 11. Kf1 Nf6 12. Nc3 Bb7 13. Bg5 Qd6 14. Bxf6 Bxf6
15. Ne4 Qf4 16. Qe1 Be7 17. Nc5 Bxd5 18. Qxb4 Bxf3 19. gxf3 Qxf3 20. Rg1 O-O
21. Qc3 Qf4 22. Re1 Bh4 23. Qe3 Qxh2 24. Qf3 Rad8 25. Rh1 Qxf2+ 26. Qxf2 Bxf2
27. Kxf2 Rxd4 28. Re7 a5 29. Ke3 Rd6 30. Ne4 Rb6 31. Ng5 a4 32. Bxf7+ Kg7 33.
Rxc7 Rh8 34. Ne6+ Kf6 35. Rf1+ Ke5 36. Nd4 Kd6 37. Ra7 Rhb8 38. Rf6+ Ke5 39.
Rc6 1-0

[Event "43. Olimpiada Batumi 2018 Femenina"]
[Site "Batumi GEO"]
[Date "2018.10.05"]
[Round "11.4"]
[White "Dauletova, Gulmira"]
[Black "Injac, Teodora"]
[Result "1-0"]
[WhiteElo "2263"]
[BlackElo "2241"]
[PlyCount "115"]
[EventDate "2018.09.24"]
[EventType "team-swiss"]
[EventRounds "11"]
[EventCountry "GEO"]
[SourceTitle "Ajedrez en Madrid"]
[Source "lmi"]
[SourceDate "2018.09.24"]
[WhiteTeam "Kazakhstan"]
[BlackTeam "Serbia"]
[WhiteTeamCountry "KAZ"]
[BlackTeamCountry "SRB"]

1. e4 e6 2. d4 d5 3. Nd2 h6 4. Ngf3 Nf6 5. e5 Nfd7 6. Bd3 c5 7. c4 Nb6 8. cxd5
Nxd5 9. O-O Nc6 10. Ne4 cxd4 11. Ng3 a6 12. Re1 b5 13. a4 b4 14. Nd2 Bb7 15.
Nc4 Nb6 16. Qh5 Nxc4 17. Bxc4 g6 18. Qh3 Na5 19. Bxe6 fxe6 20. Qxe6+ Qe7 21.
Qxg6+ Qf7 22. Qd3 Qe6 23. Bd2 Nb3 24. Rad1 O-O-O 25. f4 Kb8 26. f5 Qd5 27. Qe4
Qc4 28. Qh4 Bc5 29. Kh1 Qc2 30. e6 Bd6 31. Ne4 Bxe4 32. Qxe4 Qxe4 33. Rxe4 Nxd2
34. Rxd2 Be7 35. h3 Kc7 36. g4 Rd6 37. Rexd4 Rxd4 38. Rxd4 Rd8 39. Rc4+ Kb6 40.
Rc2 b3 41. Re2 Kc5 42. Kg2 Kc4 43. Rf2 Bf6 44. Re2 Kd3 45. Kf3 Re8 46. Rh2 Bh4
47. Rg2 Be7 48. Rh2 Rc8 49. h4 Rc2 50. Rh3 Rxb2 51. g5 hxg5 52. hxg5 Kd4 53. f6
Rc2 54. fxe7 Rc8 55. Kf4 Kc4 56. Kf5 b2 57. Rh1 Kb3 58. Rb1 1-0

[Event "43. Olimpiada Batumi 2018 Femenina"]
[Site "Batumi GEO"]
[Date "2018.10.05"]
[Round "11.1"]
[White "Ordaz Valdes, Lisandra Teresa"]
[Black "Sebag, Marie"]
[Result "0-1"]
[WhiteElo "2415"]
[BlackElo "2480"]
[PlyCount "138"]
[EventDate "2018.09.24"]
[EventType "team-swiss"]
[EventRounds "11"]
[EventCountry "GEO"]
[SourceTitle "Ajedrez en Madrid"]
[Source "lmi"]
[SourceDate "2018.09.24"]
[WhiteTeam "Cuba"]
[BlackTeam "France"]
[WhiteTeamCountry "CUB"]
[BlackTeamCountry "FRA"]

1. d4 d5 2. c4 c6 3. Nf3 Nf6 4. Nc3 e6 5. Bg5 h6 6. Bxf6 Qxf6 7. Qb3 Qe7 8. a3
g6 9. Rd1 Bg7 10. e3 Nd7 11. Be2 dxc4 12. Bxc4 O-O 13. O-O Rd8 14. e4 b6 15.
Rfe1 Bb7 16. d5 Nc5 17. Qc2 Rac8 18. dxe6 Nxe6 19. e5 b5 20. Ba2 c5 21. Nd5
Bxd5 22. Bxd5 c4 23. g3 Nc5 24. Re3 Nd3 25. Be4 Nxe5 26. Nxe5 Qxe5 27. Rxd8+
Rxd8 28. Re2 Qd4 29. Kg2 a6 30. h4 h5 31. Qc1 Re8 32. Qf4 Qf6 33. Qc7 Qe7 34.
Qc6 Qe6 35. Qxe6 Rxe6 36. Kf3 Kf8 37. Rc2 Rd6 38. a4 Ke7 39. axb5 axb5 40. Ke2
Re6 41. Kf3 Rd6 42. Re2 Kd7 43. Kf4 Bh6+ 44. Kf3 Rf6+ 45. Kg2 Re6 46. Kf1 Rd6
47. Bc2 Bg7 48. b3 c3 49. Re3 Bd4 50. Rf3 f5 51. Rd3 b4 52. Kg2 Kc6 53. Kf3 Kc5
54. Rd1 Ra6 55. Ke2 Ra2 56. Rc1 Bg7 57. Kd3 Ra6 58. Ke2 Bh6 59. Rd1 Bd2 60. Kd3
Rd6+ 61. Ke2 Re6+ 62. Kf3 Ra6 63. Ke2 Kd4 64. Rf1 Ra3 65. Kd1 Ra2 66. Bb1 c2+
67. Bxc2 Kc3 68. Bb1 Rb2 69. Ke2 Bc1+ 0-1

[Event "43. Olimpiada Batumi 2018 Femenina"]
[Site "Batumi GEO"]
[Date "2018.10.05"]
[Round "11.2"]
[White "Skripchenko, Almira"]
[Black "Marrero Lopez, Yaniet"]
[Result "1-0"]
[WhiteElo "2414"]
[BlackElo "2281"]
[PlyCount "65"]
[EventDate "2018.09.24"]
[EventType "team-swiss"]
[EventRounds "11"]
[EventCountry "GEO"]
[SourceTitle "Ajedrez en Madrid"]
[Source "lmi"]
[SourceDate "2018.09.24"]
[WhiteTeam "France"]
[BlackTeam "Cuba"]
[WhiteTeamCountry "FRA"]
[BlackTeamCountry "CUB"]

1. e4 e5 2. Nf3 Nc6 3. Bc4 Bc5 4. c3 Nf6 5. d3 a6 6. Bb3 Ba7 7. Nbd2 d6 8. O-O
h6 9. Re1 g5 10. Nc4 g4 11. Nfd2 h5 12. Nf1 b5 13. Nce3 h4 14. a4 Bd7 15. axb5
axb5 16. d4 Kf8 17. Nd5 Nh5 18. Be3 Kg7 19. Qd2 Ne7 20. Rxa7 Rxa7 21. dxe5 Ra6
22. Bg5 dxe5 23. Bxe7 Qc8 24. Qg5+ Rg6 25. Qxe5+ Kh6 26. Nf4 Nxf4 27. Qxf4+ Kh7
28. Qxf7+ Kh6 29. Qf4+ Kh7 30. e5 Bf5 31. e6 Bd3 32. Re5 Qe8 33. Rh5+ 1-0

[Event "43. Olimpiada Batumi 2018 Femenina"]
[Site "Batumi GEO"]
[Date "2018.10.05"]
[Round "11.3"]
[White "Arribas Robaina, Maritza"]
[Black "Guichard, Pauline"]
[Result "1/2-1/2"]
[WhiteElo "2243"]
[BlackElo "2390"]
[PlyCount "96"]
[EventDate "2018.09.24"]
[EventType "team-swiss"]
[EventRounds "11"]
[EventCountry "GEO"]
[SourceTitle "Ajedrez en Madrid"]
[Source "lmi"]
[SourceDate "2018.09.24"]
[WhiteTeam "Cuba"]
[BlackTeam "France"]
[WhiteTeamCountry "CUB"]
[BlackTeamCountry "FRA"]

1. e4 e5 2. Nf3 Nc6 3. Bb5 a6 4. Ba4 g6 5. d4 b5 6. Bb3 exd4 7. Nxd4 Na5 8. O-O
Nxb3 9. axb3 Bb7 10. Nc3 Bg7 11. Nde2 Nf6 12. Ng3 d6 13. Re1 O-O 14. Bg5 h6 15.
Bf4 Nd7 16. Qd2 Kh7 17. Rad1 Re8 18. f3 Rc8 19. Qc1 Qf6 20. Nge2 b4 21. Nd5
Bxd5 22. Rxd5 Nc5 23. Nd4 Ne6 24. Nxe6 Rxe6 25. Ra5 g5 26. Bg3 Qxb2 27. Qxb2
Bxb2 28. Rxa6 Rce8 29. Rd1 g4 30. Rc6 R8e7 31. Rd5 gxf3 32. gxf3 Rg6 33. Kf1
Bc3 34. Ke2 Rg5 35. Rxg5 hxg5 36. Kd3 Kg6 37. h4 f6 38. hxg5 fxg5 39. f4 gxf4
40. Bxf4 Kf6 41. Bd2 Bxd2 42. Kxd2 Ke6 43. Kd3 Kd7 44. Rc4 c5 45. c3 bxc3 46.
b4 Kc6 47. bxc5 dxc5 48. Rxc3 Kd6 1/2-1/2

[Event "43. Olimpiada Batumi 2018 Femenina"]
[Site "Batumi GEO"]
[Date "2018.10.05"]
[Round "11.4"]
[White "Haussernot, Cecile"]
[Black "Miranda Llanes, Yerisbel"]
[Result "0-1"]
[WhiteElo "2237"]
[BlackElo "2239"]
[PlyCount "66"]
[EventDate "2018.09.24"]
[EventType "team-swiss"]
[EventRounds "11"]
[EventCountry "GEO"]
[SourceTitle "Ajedrez en Madrid"]
[Source "lmi"]
[SourceDate "2018.09.24"]
[WhiteTeam "France"]
[BlackTeam "Cuba"]
[WhiteTeamCountry "FRA"]
[BlackTeamCountry "CUB"]

1. e4 e5 2. Nf3 Nc6 3. Bb5 a6 4. Ba4 Nf6 5. d3 b5 6. Bb3 Bc5 7. Nc3 h6 8. Nd5
d6 9. c3 Rb8 10. h3 a5 11. a3 O-O 12. Nxf6+ Qxf6 13. g4 Be6 14. Bd5 Bxd5 15.
exd5 e4 16. dxc6 exf3 17. d4 Bb6 18. Be3 Rfe8 19. Qd3 d5 20. Rg1 b4 21. Rg3
bxc3 22. bxc3 a4 23. Kf1 Ba5 24. Bd2 Qxc6 25. g5 hxg5 26. Rxg5 Rb2 27. Be1 Qe6
28. Rg3 Ra2 29. Rb1 Qe2+ 30. Qxe2 fxe2+ 31. Kg2 Rxa3 32. Rb5 Ra1 33. Bd2 Rd1
0-1

[Event "43. Olimpiada Batumi 2018 Femenina"]
[Site "Batumi GEO"]
[Date "2018.10.05"]
[Round "11.1"]
[White "Khademalsharieh, Sarasadat"]
[Black "Khomeriki, Nino"]
[Result "1/2-1/2"]
[WhiteElo "2431"]
[BlackElo "2313"]
[PlyCount "121"]
[EventDate "2018.09.24"]
[EventType "team-swiss"]
[EventRounds "11"]
[EventCountry "GEO"]
[SourceTitle "Ajedrez en Madrid"]
[Source "lmi"]
[SourceDate "2018.09.24"]
[WhiteTeam "Iran"]
[BlackTeam "Georgia 3"]
[WhiteTeamCountry "IRI"]

1. d4 Nf6 2. c4 e6 3. Nf3 d5 4. Nc3 dxc4 5. Qa4+ c6 6. Qxc4 b5 7. Qd3 a6 8. e4
c5 9. dxc5 Bxc5 10. Qxd8+ Kxd8 11. e5 Ng4 12. Ne4 Bb4+ 13. Bd2 Bxd2+ 14. Nexd2
Nd7 15. a4 bxa4 16. Nc4 Bb7 17. Nd6 Bxf3 18. Nxf7+ Ke7 19. gxf3 Kxf7 20. fxg4
Rhb8 21. Bg2 Ra7 22. Rxa4 Nxe5 23. O-O Rxb2 24. h3 Nd3 25. Rfa1 Ke7 26. Rxa6
Rxa6 27. Rxa6 Nxf2 28. Ra7+ Kf6 29. g5+ Kxg5 30. Rxg7+ Kf6 31. Rxh7 e5 32. Rh8
Nd3 33. Rf8+ Ke7 34. Rg8 Nf4 35. h4 Kf7 36. Rg5 Kf6 37. Rg8 Rb4 38. Bf1 Kf5 39.
Rg5+ Ke4 40. h5 Rb1 41. Kf2 Rb2+ 42. Kg1 Rb6 43. Kf2 Rh6 44. Bg2+ Kd4 45. Rg8
Rxh5 46. Rd8+ Kc3 47. Bf3 Rg5 48. Ke3 Ne6 49. Rc8+ Kb4 50. Rh8 Rg3 51. Kf2 Rg7
52. Re8 Nc5 53. Ke3 Nd7 54. Re6 Rg5 55. Rh6 Rg8 56. Bd5 Rf8 57. Rh5 Kc5 58. Be6
Nf6 59. Rxe5+ Kd6 60. Kd4 Re8 61. Re2 1/2-1/2

[Event "43. Olimpiada Batumi 2018 Femenina"]
[Site "Batumi GEO"]
[Date "2018.10.05"]
[Round "11.2"]
[White "Janiashvili, Mariami"]
[Black "Hejazipour, Mitra"]
[Result "0-1"]
[WhiteElo "2081"]
[BlackElo "2254"]
[PlyCount "62"]
[EventDate "2018.09.24"]
[EventType "team-swiss"]
[EventRounds "11"]
[EventCountry "GEO"]
[SourceTitle "Ajedrez en Madrid"]
[Source "lmi"]
[SourceDate "2018.09.24"]
[WhiteTeam "Georgia 3"]
[BlackTeam "Iran"]
[BlackTeamCountry "IRI"]

1. Nf3 Nf6 2. b3 d5 3. Bb2 c5 4. e3 Nc6 5. d4 cxd4 6. Nxd4 e6 7. Nd2 Bd6 8. c4
O-O 9. cxd5 Nxd4 10. Bxd4 Nxd5 11. Bd3 Qh4 12. Nf3 Qe7 13. Ne5 Bb4+ 14. Kf1 f5
15. Qh5 Bd7 16. h4 Bc3 17. Bxc3 Nxc3 18. Rh3 Qd6 19. f4 Be8 20. Qg5 h6 21. Qg3
Bh5 22. Qe1 Rac8 23. Kg1 b5 24. Qf1 a6 25. a4 bxa4 26. Bxa6 axb3 27. Nc4 Qb4
28. Nb2 Rc6 29. e4 Nxe4 30. Rd3 Rc2 31. Rb1 Qb6+ 0-1

[Event "43. Olimpiada Batumi 2018 Femenina"]
[Site "Batumi GEO"]
[Date "2018.10.05"]
[Round "11.3"]
[White "Alinasab, Mobina"]
[Black "Koridze, Lile"]
[Result "1-0"]
[WhiteElo "2261"]
[BlackElo "1931"]
[PlyCount "89"]
[EventDate "2018.09.24"]
[EventType "team-swiss"]
[EventRounds "11"]
[EventCountry "GEO"]
[SourceTitle "Ajedrez en Madrid"]
[Source "lmi"]
[SourceDate "2018.09.24"]
[WhiteTeam "Iran"]
[BlackTeam "Georgia 3"]
[WhiteTeamCountry "IRI"]

1. e4 c5 2. Nf3 d6 3. d4 cxd4 4. Nxd4 Nf6 5. Nc3 Nc6 6. f3 e5 7. Nb3 a5 8. Bb5
Be7 9. Be3 O-O 10. a4 Nb4 11. Qe2 Be6 12. O-O-O Qc7 13. Kb1 d5 14. exd5 Nfxd5
15. Nxd5 Nxd5 16. Bd2 Nb4 17. Bc3 Bf5 18. Na1 Bf6 19. g4 Be6 20. Nb3 Nd5 21.
Bd2 Rfd8 22. h4 Nf4 23. Bxf4 exf4 24. g5 Be5 25. Rde1 Bd4 26. Nxd4 Rxd4 27. Rd1
Rad8 28. Rxd4 Rxd4 29. Rd1 Qd6 30. Bd3 g6 31. b3 Qd5 32. Kb2 Qc5 33. Re1 Qd6
34. Qe5 Qd8 35. Kc3 Rb4 36. Re4 Qb6 37. Qxf4 Qc5+ 38. Kb2 Rb6 39. Rd4 Qf8 40.
Bb5 Qe7 41. Qe5 Rxb5 42. axb5 Qe8 43. Qc7 Qxb5 44. Rd8+ Kg7 45. Qc3+ 1-0

[Event "43. Olimpiada Batumi 2018 Femenina"]
[Site "Batumi GEO"]
[Date "2018.10.05"]
[Round "11.4"]
[White "Esadze, Tamari"]
[Black "Zahedifar, Anahita"]
[Result "1/2-1/2"]
[WhiteElo "1911"]
[BlackElo "2101"]
[PlyCount "106"]
[EventDate "2018.09.24"]
[EventType "team-swiss"]
[EventRounds "11"]
[EventCountry "GEO"]
[SourceTitle "Ajedrez en Madrid"]
[Source "lmi"]
[SourceDate "2018.09.24"]
[WhiteTeam "Georgia 3"]
[BlackTeam "Iran"]
[BlackTeamCountry "IRI"]

1. e4 c6 2. d4 d5 3. Nc3 dxe4 4. Nxe4 Bf5 5. Ng3 Bg6 6. Nf3 Nd7 7. Bd3 Ngf6 8.
O-O e6 9. Re1 Bd6 10. Bg5 Qa5 11. a3 O-O 12. Bxg6 hxg6 13. Qd3 Rfe8 14. Rad1
Rad8 15. Ne4 Be7 16. b4 Qc7 17. Bh4 Nxe4 18. Bxe7 Rxe7 19. Rxe4 Nf6 20. Ree1 a5
21. c3 axb4 22. axb4 Ra8 23. Ne5 Ree8 24. Ra1 Nd7 25. Nc4 Nb6 26. Ne5 Nd7 27.
Nf3 Rad8 28. Qe4 Nf6 29. Qh4 Ra8 30. Ne5 Rxa1 31. Rxa1 Nd7 32. Nf3 Nf6 33. Qg5
Nd5 34. Qd2 b6 35. c4 Ne7 36. Qa2 Nf5 37. c5 Rd8 38. Qb2 bxc5 39. bxc5 Qd7 40.
Ra4 Qd5 41. h3 f6 42. Qb7 Qd7 43. Qb6 Qe8 44. Ra7 Ne7 45. Qc7 Kf7 46. Rb7 Rc8
47. Qb6 Qd8 48. Qa7 Kf8 49. Rd7 Qe8 50. Qb7 Rd8 51. Rc7 Rb8 52. Qa7 Rb1+ 53.
Kh2 Rb2 1/2-1/2

[Event "43. Olimpiada Batumi 2018 Femenina"]
[Site "Batumi GEO"]
[Date "2018.10.05"]
[Round "11.1"]
[White "Tokhirjonova, Gulrukhbegim"]
[Black "Georgescu, Lena"]
[Result "1-0"]
[WhiteElo "2369"]
[BlackElo "2195"]
[PlyCount "75"]
[EventDate "2018.09.24"]
[EventType "team-swiss"]
[EventRounds "11"]
[EventCountry "GEO"]
[SourceTitle "Ajedrez en Madrid"]
[Source "lmi"]
[SourceDate "2018.09.24"]
[WhiteTeam "Uzbekistan"]
[BlackTeam "Switzerland"]
[WhiteTeamCountry "UZB"]
[BlackTeamCountry "SUI"]

1. e4 c5 2. Nf3 Nc6 3. Bb5 e6 4. O-O Nge7 5. d4 cxd4 6. Nxd4 a6 7. Be2 d5 8.
exd5 Qxd5 9. Be3 Nxd4 10. Bxd4 Nf5 11. Bb6 Qxd1 12. Rxd1 Bd7 13. Nd2 Bc6 14.
Nc4 Be7 15. Na5 Rc8 16. c3 Be4 17. f3 Bd5 18. c4 Bc6 19. a3 O-O 20. Nxc6 Rxc6
21. Bf2 Bf6 22. Rab1 Rfc8 23. b4 e5 24. Bd3 Nd4 25. c5 R6c7 26. Kf1 a5 27. Be4
Rd8 28. bxa5 Rxc5 29. Be1 Nc2 30. Rxd8+ Bxd8 31. Rxb7 Nxe1 32. Rb8 f5 33. Rxd8+
Kf7 34. Bxf5 Nc2 35. Bxc2 Rxc2 36. a6 Rc7 37. Rb8 Kf6 38. Ke2 1-0

[Event "43. Olimpiada Batumi 2018 Femenina"]
[Site "Batumi GEO"]
[Date "2018.10.05"]
[Round "11.2"]
[White "Mueller-Seps, Monika"]
[Black "Kurbonboeva, Sarvinoz"]
[Result "1/2-1/2"]
[WhiteElo "2230"]
[BlackElo "2202"]
[PlyCount "74"]
[EventDate "2018.09.24"]
[EventType "team-swiss"]
[EventRounds "11"]
[EventCountry "GEO"]
[SourceTitle "Ajedrez en Madrid"]
[Source "lmi"]
[SourceDate "2018.09.24"]
[WhiteTeam "Switzerland"]
[BlackTeam "Uzbekistan"]
[WhiteTeamCountry "SUI"]
[BlackTeamCountry "UZB"]

1. d4 Nf6 2. Nf3 g6 3. Bg5 Bg7 4. Nbd2 c5 5. e3 d5 6. c3 Qb6 7. Qb3 c4 8. Qxb6
axb6 9. e4 Nxe4 10. Nxe4 dxe4 11. Nd2 b5 12. Nxe4 Be6 13. Be2 Bd5 14. Bf3 O-O
15. O-O Nc6 16. Nd2 Rfd8 17. Rfe1 Kf8 18. a3 Rd7 19. Bf4 Re8 20. Re2 e5 21.
Rae1 f6 22. dxe5 Nxe5 23. Bxe5 Rxe5 24. Rxe5 fxe5 25. Bxd5 Rxd5 26. Ne4 Ke7 27.
Kf1 Ke6 28. g4 h6 29. Ke2 Bf8 30. Rd1 Rxd1 31. Kxd1 Kd5 32. f3 Be7 33. Ke2 Bd8
34. Kf2 Bb6+ 35. Ke2 Bd8 36. Kf2 Bb6+ 37. Ke2 Bd8 1/2-1/2

[Event "43. Olimpiada Batumi 2018 Femenina"]
[Site "Batumi GEO"]
[Date "2018.10.05"]
[Round "11.3"]
[White "Gevorgyan, Irina"]
[Black "Heinatz, Gundula"]
[Result "1-0"]
[WhiteElo "2265"]
[BlackElo "2170"]
[PlyCount "73"]
[EventDate "2018.09.24"]
[EventType "team-swiss"]
[EventRounds "11"]
[EventCountry "GEO"]
[SourceTitle "Ajedrez en Madrid"]
[Source "lmi"]
[SourceDate "2018.09.24"]
[WhiteTeam "Uzbekistan"]
[BlackTeam "Switzerland"]
[WhiteTeamCountry "UZB"]
[BlackTeamCountry "SUI"]

1. Nf3 Nf6 2. c4 g6 3. Nc3 d6 4. d4 Bg7 5. e4 O-O 6. h3 Na6 7. Be3 Nd7 8. Be2
e5 9. O-O exd4 10. Nxd4 Nac5 11. Qc2 a5 12. Ndb5 b6 13. f4 Bb7 14. Bf3 Rc8 15.
Rad1 Qh4 16. Kh2 Rfe8 17. Rde1 Ne6 18. g3 Qd8 19. Bg2 Nec5 20. Bg1 Nf6 21. e5
Bxg2 22. Qxg2 dxe5 23. fxe5 Nfd7 24. Na7 Nxe5 25. Nxc8 Qxc8 26. Bxc5 bxc5 27.
b3 c6 28. Ne4 Qc7 29. Nxc5 h5 30. Kh1 h4 31. g4 Rd8 32. Rd1 Qe7 33. Rxd8+ Qxd8
34. Qe2 Qd4 35. Ne4 Nd3 36. Ng5 Nf4 37. Qe8+ 1-0

[Event "43. Olimpiada Batumi 2018 Femenina"]
[Site "Batumi GEO"]
[Date "2018.10.05"]
[Round "11.4"]
[White "De Seroux, Camille"]
[Black "Nadirjanova, Nodira"]
[Result "1-0"]
[WhiteElo "2175"]
[BlackElo "2167"]
[PlyCount "81"]
[EventDate "2018.09.24"]
[EventType "team-swiss"]
[EventRounds "11"]
[EventCountry "GEO"]
[SourceTitle "Ajedrez en Madrid"]
[Source "lmi"]
[SourceDate "2018.09.24"]
[WhiteTeam "Switzerland"]
[BlackTeam "Uzbekistan"]
[WhiteTeamCountry "SUI"]
[BlackTeamCountry "UZB"]

1. e4 e6 2. d4 d5 3. Nd2 a6 4. Ngf3 Nf6 5. e5 Nfd7 6. Bd3 c5 7. c3 Nc6 8. O-O
g5 9. Nb3 g4 10. Ng5 Rg8 11. f4 h6 12. Nxf7 Kxf7 13. f5 c4 14. fxe6+ Ke8 15.
exd7+ Bxd7 16. Bh7 Rg7 17. Bxh6 Qe7 18. Nc5 Kd8 19. Bxg7 Bxg7 20. Nxd7 Kxd7 21.
Qxg4+ Kc7 22. e6 Nd8 23. Rae1 Rc8 24. Qh5 Kc6 25. Rf5 Rc7 26. Rxd5 Kb6 27. Rd7
Rxd7 28. Qc5+ Qxc5 29. dxc5+ Kc6 30. exd7 Kxd7 31. Re4 Kc6 32. Rxc4 Ne6 33. Rg4
Bf8 34. Rg6 Bxc5+ 35. Kf1 Kd7 36. h4 Be7 37. Rg4 Nd8 38. h5 Nf7 39. Rg7 Ne5 40.
Be4 b5 41. h6 1-0

[Event "43. Olimpiada Batumi 2018 Femenina"]
[Site "Batumi GEO"]
[Date "2018.10.05"]
[Round "11.1"]
[White "Shvayger, Yuliya"]
[Black "Badelka, Olga"]
[Result "1/2-1/2"]
[WhiteElo "2375"]
[BlackElo "2404"]
[PlyCount "83"]
[EventDate "2018.09.24"]
[EventType "team-swiss"]
[EventRounds "11"]
[EventCountry "GEO"]
[SourceTitle "Ajedrez en Madrid"]
[Source "lmi"]
[SourceDate "2018.09.24"]
[WhiteTeam "Israel"]
[BlackTeam "Belarus"]
[WhiteTeamCountry "ISR"]
[BlackTeamCountry "BLR"]

1. e4 c5 2. Nf3 Nc6 3. Bb5 e6 4. O-O Nge7 5. Re1 Nd4 6. Na3 a6 7. Bf1 Nec6 8.
c3 Nxf3+ 9. Qxf3 Be7 10. Nc2 d5 11. d4 cxd4 12. Nxd4 dxe4 13. Qxe4 Bd7 14. Be3
Nxd4 15. Bxd4 Bc6 16. Qg4 Bf6 17. Rad1 Bxd4 18. Rxd4 Qf6 19. Bd3 O-O 20. Be4
Bxe4 21. Qxe4 b5 22. Red1 g6 23. a4 bxa4 24. Rxa4 a5 25. g3 Rab8 26. Qe2 Qg5
27. Rda1 Qb5 28. Qxb5 Rxb5 29. R1a2 Rfb8 30. Rxa5 Rxb2 31. Rxb2 Rxb2 32. Kg2
Rc2 33. Rc5 h5 34. h4 Kg7 35. Kf3 Kf6 36. Ke3 Ke7 37. Rc7+ Kf6 38. Rc5 Ke7 39.
Rc7+ Kf6 40. Rc5 Ke7 41. Rc7+ Kf6 42. Rc5 1/2-1/2